Livret-guide de Pau (Record no. 190184)

MARC details
000 -LEADER
campo de control de longitud fija 00580nam a2200157 i 4500
001 - NÚMERO DE CONTROL
campo de control 190184
003 - IDENTIFICADOR DE NÚMERO DE CONTROL
campo de control ES-MaACL
005 - FECHA Y HORA DE LA ÚLTIMA TRANSACCIÓN
campo de control 20230906223647.0
008 - DATOS DE LONGITUD FIJA--INFORMACIÓN GENERAL
campo de control de longitud fija 200908s1885 fr |||| | fre d
245 00 - MENCIÓN DEL TÍTULO
Título Livret-guide de Pau
Resto del título : description, climat, histoire, sports, beaux arts, promenades, excursions, renseignements.
260 ## - PUBLICACIÓN, DISTRIBUCIÓN, ETC.
Lugar de publicación, distribución, etc. Pau :
Nombre del editor, distribuidor, etc. Au bureaux de l'Union syndicale ;
Lugar de publicación, distribución, etc. Zurich :
Nombre del editor, distribuidor, etc. Orell Fussli éditeurs,
Fecha de publicación, distribución, etc. [1885]
300 ## - DESCRIPCIÓN FÍSICA
Extensión 47 p. :
Otras características físicas il. ;
Dimensiones 16 cm.
500 ## - NOTA GENERAL
Nota general Fecha tomada página 31.
651 #4 - PUNTO DE ACCESO ADICIONAL DE MATERIA--NOMBRE GEOGRÁFICO
Nombre geográfico Pau (Francia)-
Subdivisión de forma Guías.
9 (RLIN) 137298
852 ## - LOCALIZACIÓN
Ubicación ES-MaACL
Número de control de estantería T-643-F-9
Holdings
Estatus retirado Estado de pérdida Estado de daño No para préstamo Colección Biblioteca de origen Biblioteca actual Ubicación en estantería Fecha de adquisición Fuente de adquisición Total de préstamos Signatura topográfica completa Código de barras Visto por última vez Precio de reemplazo Tipo de ítem Koha
        Colección de folletos Biblioteca del Ateneo de Madrid Biblioteca del Ateneo de Madrid Depósito folletos 13/05/2005     T-643-F-9 1201943 23/02/2023 23/02/2023 Folleto